Sanat - "Polte" - Lauri tähkä - Statistics

Yleistilastot
  • Tätä visaa on pelattu 70 kertaa
  • Keskiarvotulos 84 / 128
Vastaustilastot
Vastaus % Oikein
polte
93%
miks
83%
mua
83%
ei
80%
katso
80%
miksi
80%
mut
80%
aikanaan
78%
hulluutta
78%
huumaa
78%
pitkään
78%
riehumaan
78%
roihun
78%
sait
78%
sytytitkään
78%
tuntemaan
78%
kuumaa
76%
Kuuntelee
76%
kuuntelee
76%
76%
mee
76%
se
76%
silloin
76%
tähtitaivas
76%
kun
74%
pois
74%
täällä
74%
sen
70%
pohjaton
69%
on
67%
vain
65%
ja
63%
Haalenee
61%
haalenee
61%
tuo
61%
silti
59%
vuodelta
59%
vuosi
59%
ääneen
57%
en
57%
huudan
57%
rintaa
57%
vaik
56%
haaveilen
54%
raatelee
54%
siitä
54%
sun
54%
Vieläkin
54%
vieläkin
54%
yksinäinen
54%
hetken
52%
kai
52%
kerran
52%
nään
52%
tunsin
52%
vieläkö
52%
yöni
52%
rauta
50%
verran
50%
jään
48%
kurja
46%
polttavin
46%
silmin
46%
Silmissäs
46%
tahdonko
46%
tahtoisin
46%
hehkuvan
44%
toivo
44%
uskallanko
44%
muuta
43%
tarkoitanko
43%
uskonko
41%
istun
33%
näänkö
31%
tässä
30%
Kiihkettä
19%
kiihkettä
19%
josta
13%
Ehtoja vastaavia visoja ei löytynyt
Tulosjakauma
Jokaisen tuloksen saaneiden osuus
Persentiili vastausten määrän mukaan
Tuloshistoriasi
Et ole pelannut tätä visaa